000 01187nam a2200265 a 4500
001 000017007
005 20211025112953.0
008 100312s1994 dr c 001 0 spa d
040 _aDO-SdBNP
_bspa
_cBNPHU
082 _a333.7932
_bA638L
245 0 0 _aAños de luz :
_bhistoria de la iluminación y de la electricidad en la República Dominicana 1492 - 1993 /
_ccomp. por Ana Marina Méndez, Miladys Marmolejos de Carvajal, Ana N. Pichardo de los Santos.
260 _aSanto Domingo :
_bCDE,
_c1994.
300 _a190 p. :
_bil., retrs. ;
_c29 cm.
500 _aIncluye datos biográficos de las autoras en las solapas
500 _aIncluye índices
504 _aBibliografía: p. 152-159
590 _aInventariado, 2018/LP
650 4 _aEmpresas eléctricas
_zRepública Dominicana
_xHistoria
_y1492-1993
_937558
650 4 _aEnergía eléctrica
_zRepública Dominicana
_xHistoria
_y1492-1993
_937559
700 1 2 _aMéndez, Ana Marina,
_ecomp.
_937560
700 1 2 _aMarmolejos Carvajal, Miladys de,
_ecomp.
_937561
700 1 2 _aPichardo de los Santos, Ana N.,
_ecomp.
_937562
710 2 _aCorporación Dominicano de Electricidad
_916035
910 _aValidado. Control de calidad MFF
999 _c16534
_d16534